Movies Quiz

Random Movies or Clickable Quiz

50 Flicks to Click (2014) Quiz Stats

 Plays Quiz Updated Jun 22, 2018

Challenge
Share
Tweet
Embed
Score 0/50 Timer 07:00
12 Plays Today
% Correct
Mutant
95.2%
Galaxy
95.1%
Dumber
95%
Dragon
94.8%
Planet
93.9%
Jump
93.4%
Amazing
93.1%
Mockingjay
92.5%
Million
92%
Budapest
91.2%
Wanted
91.1%
Speed
90.8%
Bosses
90.4%
Girl
89.6%
Peabody
88.4%
Penguins
88.1%
Fault
87.8%
Lego
87.6%
Maze
87.5%
Theory
86%
Armies
85.7%
Along
85.5%
Hero
85%
Gods
84.2%
Awkward
83.8%
% Correct
Future
83.1%
Woods
82.5%
Hercules
80.4%
Sniper
80.1%
Tomorrow
79.6%
Winter
79.5%
Tomb
79.2%
Extinction
78.7%
Stay
78.4%
St.
78.3%
Imitation
78.2%
Rise
78.2%
Winter's
74.4%
Veronica
74.4%
Love
74.2%
Anarchy
73.3%
Fire
72.5%
Other
72.1%
Nut
72.1%
Cops
71.5%
Shadow
66.8%
Academy
65.2%
Life
62.5%
Marked
57.7%
Echo
45.3%

You're not logged in!

Compare scores with friends on all Sporcle quizzes.
OR
Log In

You Might Also Like...

Show Comments

Extras

Top Quizzes Today


Score Distribution

Your Account Isn't Verified!

In order to create a playlist on Sporcle, you need to verify the email address you used during registration. Go to your Sporcle Settings to finish the process.

Report this User

Report this user for behavior that violates our Community Guidelines.

Details: